Hướng dẫn thực hành chế độ kế toán doanh nghiệp nhỏ và vừa, bài tập và lập báo cáo tài chính
Nội dung sách gồm: các vấn đề kế toán doanh nghiệp vừa và nhỏ; kế toán tài sản cố định; kế toán tiền lương và các khoản trích theo lương; kế toán các khoản đầu tư tài chính; kế toán bất động sản đầu tư....
Gorde:
| Egile nagusia: | |
|---|---|
| Formatua: | Liburua |
| Hizkuntza: | Undetermined |
| Argitaratua: |
Hà Nội
Tài chính
2009
|
| Gaiak: | |
| Etiketak: |
Etiketa erantsi
Etiketarik gabe, Izan zaitez lehena erregistro honi etiketa jartzen!
|
| Thư viện lưu trữ: | Trung tâm Học liệu Trường Đại học Cần Thơ |
|---|
| LEADER | 01055nam a2200205Ia 4500 | ||
|---|---|---|---|
| 001 | CTU_148493 | ||
| 008 | 210402s9999 xx 000 0 und d | ||
| 020 | |c 275000 | ||
| 082 | |a 657.3 | ||
| 082 | |b Đ406 | ||
| 100 | |a Phạm, Huy Đoán | ||
| 245 | 0 | |a Hướng dẫn thực hành chế độ kế toán doanh nghiệp nhỏ và vừa, bài tập và lập báo cáo tài chính | |
| 245 | 0 | |c Phạm Huy Đoán | |
| 260 | |a Hà Nội | ||
| 260 | |b Tài chính | ||
| 260 | |c 2009 | ||
| 520 | |a Nội dung sách gồm: các vấn đề kế toán doanh nghiệp vừa và nhỏ; kế toán tài sản cố định; kế toán tiền lương và các khoản trích theo lương; kế toán các khoản đầu tư tài chính; kế toán bất động sản đầu tư. | ||
| 650 | |a Financial reporting,Accounting,Financial statements,Kế toán,Báo cáo tài chính | ||
| 904 | |i Tuyến | ||
| 980 | |a Trung tâm Học liệu Trường Đại học Cần Thơ | ||